000 00677nam a2200205Ia 4500
003 GCL
008 140319s9999 xx 000 0 ara d
040 _aGCL /
_cGCL
082 0 4 _a612.398
_bب ا
100 1 _aبن وايدر
245 1 0 _aاسرار التغذية الصحية والرياضية : البروتين صديق الرياضى والانسان /
_cبن وايدر
700 1 _aبن ويدر
700 1 _aمنير ملك المنياوى
300 _a31 ص
490 _aسلسلة براهين العلم
_v0
650 0 4 _aالبروتينات
650 0 4 _aالتغذية الرياضية
650 0 4 _aالتغذية الصحية
942 _2ddc
_cBK
999 _c49453
_d49453